000
00331nam a22001457a 4500
008
230124b ||||| |||| 00| 0 eng d
020
_a
9781425803797
041
_a
eng
080
_a
51
082
_a
51FRE
100
_a
23
101
_a
MATE
245
_a
INTEGRATING TECHNOLOGY INTO THE CURRICULUM
_c
FREI SH
942
_2
udc
_c
BK
999
_c
59253
_d
59253